000 00742nam a2200241Ia 4500
003 OSt
005 20220926023905.0
006 a|||||r|||| 00| 0
007 ta
008 220923b |||||||| |||| 00| 0 eng d
037 _cGeneral Book
040 _aRTL
_cRTL
_beng
041 _2eng
_aeng
082 _aY2.41T.N7, L6
100 _aGreenblatt Sidney L Ed.
_913294
245 0 _aPeople of Taihang
_b An anthology of family historie
260 _aNY
_bInternational Arts and Science Press
_c1976
300 _alii.305p
_ccm.
490 _aChina Book Project. Translation and Commentary
650 _aFamily Sociology
942 _hY2.41T.N7, L6
_cGB
_2CC
999 _c642557
_d642557